|
|
|
|
| LEADER |
00000nab a2200000 a 4500 |
| 001 |
vtls000854022 |
| 003 |
SK-MaSNL |
| 005 |
20260304132416.0 |
| 008 |
250429c2003 xo 0 slo |
| 015 |
|
|
|a SNBRB2003/12-35370
|
| 035 |
|
|
|a CLN000205677
|
| 035 |
|
|
|a urn:nbn:sk:snk-ab6x0n
|
| 035 |
|
|
|a (uuid)0eab58d0-dd6b-4b0a-b8ec-91cd28c44b61
|
| 035 |
|
|
|a (urnnbn)urn:nbn:sk:snk:ar-a063rl
|
| 035 |
|
|
|a (sysno)vtls000854022
|
| 040 |
|
|
|a SNKBUCL
|b slo
|c SNKBUCL
|e AACR2
|
| 041 |
0 |
|
|a slo
|
| 044 |
|
|
|a xo
|c SK
|
| 080 |
|
|
|a 613.84-06:616.379-008.64
|2 1997
|
| 100 |
1 |
|
|a Maďar, Rastislav,
|d 1973-
|4 aut
|9 205008
|
| 245 |
1 |
0 |
|a Fajčenie a diabetes - nebezpečná kombinácia
|b podľa štatistík zomiera vo svete každých 10 sekúnd jeden fajčiar
|c Rastislav Maďar
|
| 300 |
|
|
|b Obr.
|
| 504 |
|
|
|a Res. slov.
|
| 650 |
0 |
7 |
|a fajčenie
|x účinky nežiadúce
|2 MESH
|9 860816
|
| 650 |
0 |
7 |
|a následky fajčenia
|x komplikácie
|x úmrtnosť
|2 MESH
|9 1447533
|
| 650 |
0 |
7 |
|a diabetes mellitus
|x komplikácie
|2 MESH
|9 855267
|
| 650 |
0 |
7 |
|a ukončenie fajčenia
|x metódy
|x psychológia
|2 MESH
|9 1447534
|
| 655 |
|
7 |
|a články z novín a časopisov
|2 snkbucl
|9 267496
|
| 773 |
0 |
|
|t Diabetik
|g Roč. 2, č. 3 (2003), s. 4-5
|x 1336-0426
|
| 850 |
|
|
|a Slovenská národná knižnica
|
| 852 |
|
|
|a Slovenská národná knižnica
|
| 954 |
|
|
|a odborná, vedecká literatúra pôvodná (slovenská)
|2 lita
|
| 958 |
|
|
|a article27
|
| 958 |
|
|
|a MI
|
| 958 |
|
|
|a OND
|
| 958 |
|
|
|a EUIPO
|
| 992 |
|
|
|a RBX
|
| 999 |
|
|
|c 2898917
|d 2900847
|